Facsímile del Acta de Vergara del 18 de agosto de 1873. (Record no. 174963)

MARC details
000 -LEADER
campo de control de longitud fija 00744nam a22002055i 4500
001 - NÚMERO DE CONTROL
campo de control 174963
003 - IDENTIFICADOR DE NÚMERO DE CONTROL
campo de control ES-MaACL
005 - FECHA Y HORA DE LA ÚLTIMA TRANSACCIÓN
campo de control 20240228210421.0
008 - DATOS DE LONGITUD FIJA--INFORMACIÓN GENERAL
campo de control de longitud fija 100827s1891 sp |||| | spa d
080 ## - NÚMERO DE LA CLASIFICACIÓN DECIMAL UNIVERSAL
Número de la Clasificación Decimal Universal 946"1833/40"
245 00 - MENCIÓN DEL TÍTULO
Título Facsímile del Acta de Vergara del 18 de agosto de 1873.
260 ## - PUBLICACIÓN, DISTRIBUCIÓN, ETC.
Lugar de publicación, distribución, etc. [Madrid :
Nombre del editor, distribuidor, etc. s.n.,
Fecha de publicación, distribución, etc. 1891?]
300 ## - DESCRIPCIÓN FÍSICA
Extensión [8] p. ;
Dimensiones 32 cm.
500 ## - NOTA GENERAL
Nota general Es un suplemento al mes de marzo de 1891 de la Revista Técnica de Infantería y Caballería.
594 ## - Nota al título y mención de responsabilidad
Nota al título y mención de responsabilidad Título tomado de la cubierta.
594 ## - Nota al título y mención de responsabilidad
Nota al título y mención de responsabilidad Precede al tít.: Revista Técnica de Infantería y Caballería.
651 #4 - PUNTO DE ACCESO ADICIONAL DE MATERIA--NOMBRE GEOGRÁFICO
Nombre geográfico España-
Subdivisión general Historia-
Subdivisión cronológica 1833-1840, Guerra carlista
9 (RLIN) 8250
852 ## - LOCALIZACIÓN
Ubicación ES-MaACL
Número de control de estantería T-501-F-14
Holdings
Estatus retirado Estado de pérdida Estado de daño No para préstamo Colección Biblioteca de origen Biblioteca actual Ubicación en estantería Fecha de adquisición Fuente de adquisición Total de préstamos Signatura topográfica completa Código de barras Visto por última vez Precio de reemplazo Tipo de ítem Koha
        Colección de folletos Biblioteca del Ateneo de Madrid Biblioteca del Ateneo de Madrid Depósito folletos 27/08/2010     T-501-F-14 1183707 23/02/2023 23/02/2023 Folleto